<?xml version="1.0" encoding="UTF-8"?>
<record
    xmlns:xsi="http://www.w3.org/2001/XMLSchema-instance"
    xsi:schemaLocation="http://www.loc.gov/MARC21/slim http://www.loc.gov/standards/marcxml/schema/MARC21slim.xsd"
    xmlns="http://www.loc.gov/MARC21/slim">

  <leader>01458    a2200229   4500</leader>
  <controlfield tag="001">54206</controlfield>
  <controlfield tag="005">20260407155812.0</controlfield>
  <controlfield tag="008">260407a1981    arg                 spa d</controlfield>
  <controlfield tag="003">AR-UNSa-BCEJYS</controlfield>
  <datafield tag="040" ind1=" " ind2=" ">
    <subfield code="a">AR-UNSa-BCEJYS</subfield>
    <subfield code="b">spa</subfield>
    <subfield code="c">AR-UNSa-BCEJYS</subfield>
  </datafield>
  <datafield tag="080" ind1=" " ind2=" ">
    <subfield code="a">336.741.28</subfield>
    <subfield code="x">Teor&#xED;as monetarias</subfield>
  </datafield>
  <datafield tag="245" ind1="1" ind2="0">
    <subfield code="a">La teor&#xED;a monetaria moderna</subfield>
    <subfield code="p">de Keynes a la d&#xE9;cada de los 80</subfield>
  </datafield>
  <datafield tag="020" ind1=" " ind2=" ">
    <subfield code="a">84 344 6065 3</subfield>
  </datafield>
  <datafield tag="250" ind1=" " ind2=" ">
    <subfield code="a">2a. ed.</subfield>
  </datafield>
  <datafield tag="264" ind1=" " ind2="1">
    <subfield code="a">Barcelona :</subfield>
    <subfield code="b">Ariel</subfield>
    <subfield code="c">1981</subfield>
  </datafield>
  <datafield tag="300" ind1=" " ind2=" ">
    <subfield code="a">453 p.</subfield>
    <subfield code="c">20 cm.</subfield>
  </datafield>
  <datafield tag="505" ind1=" " ind2=" ">
    <subfield code="a">Primera Parte: LOS ANTECEDENTES DE LA TEORIA MONETARIA MODERNA: 1. La teor&#xED;a cuantitativa &#x2013; 2. Las aportaciones Keynesianas - - Segunda Parte: LA TEORIA MONETARIA ACTUAL: 3. La funci&#xF3;n de demanda de dinero &#x2013; 4. La definici&#xF3;n de dinero &#x2013; 5. Relaciones entre demanda de dinero y las variables que la determinan &#x2013; 6. Estabilidad y comportamiento de la velocidad-renta &#x2013; 7. La influencia de las variables monetarias sobre la renta y los precios (I): El sentido de casualidad &#x2013; 8. La influencia de las variables monetarias sobre la renta y los precios (II): El proceso de ajuste &#x2013; 9. Conclusiones: El estado de la Teor&#xED;a Monetaria alrededor de 1970 - - Tercera Parte: LA EVOLUCION MONETARIA EN LA DECADA DE LOS 70: 10. El impulso monetario &#x2013; 11. El mecanismo de transmisi&#xF3;n &#x2013; 12. Las expectativas racionales. </subfield>
  </datafield>
  <datafield tag="041" ind1=" " ind2=" ">
    <subfield code="a">spa</subfield>
  </datafield>
  <datafield tag="942" ind1=" " ind2=" ">
    <subfield code="c">BK</subfield>
  </datafield>
  <datafield tag="590" ind1=" " ind2=" ">
    <subfield code="a">niveau_biblio:m niveau_hierar:0</subfield>
  </datafield>
  <datafield tag="100" ind1="1" ind2=" ">
    <subfield code="a">Argando&#xF1;a Ramiz, Antonio</subfield>
  </datafield>
  <datafield tag="999" ind1=" " ind2=" ">
    <subfield code="c">5377</subfield>
    <subfield code="d">5377</subfield>
  </datafield>
  <datafield tag="952" ind1=" " ind2=" ">
    <subfield code="0">0</subfield>
    <subfield code="1">0</subfield>
    <subfield code="4">0</subfield>
    <subfield code="7">0</subfield>
    <subfield code="a">BCEJYS</subfield>
    <subfield code="b">BCEJYS</subfield>
    <subfield code="c">16</subfield>
    <subfield code="d">2026-04-07</subfield>
    <subfield code="l">0</subfield>
    <subfield code="o">336.741.28 A686 2ed.</subfield>
    <subfield code="p">L39481</subfield>
    <subfield code="r">2026-04-07 15:58:12</subfield>
    <subfield code="w">2026-04-07</subfield>
    <subfield code="y">L</subfield>
  </datafield>
</record>
